Normal view
MARC view
Entry Topical Term
001 - CONTROL NUMBER
- control field: 18477
003 - CONTROL NUMBER IDENTIFIER
- control field: ARRUPE
005 - DATE AND TIME OF LATEST TRANSACTION
- control field: 20150720141209.0
008 - FIXED-LENGTH DATA ELEMENTS
- fixed length control field: 150720|| aca||aabn | a|a d
040 ## - CATALOGING SOURCE
- Original cataloging agency: ARRUPE
- Transcribing agency: ARRUPE
150 ## - HEADING--TOPICAL TERM
- Topical term or geographic name as entry element: Science
- General subdivision: Renaissance
670 ## - SOURCE DATA FOUND
- Source citation: Work cat.: (ARRUPE)0: Hall, Marie Boas, 1919-2009. 18476, The scientific renaissance, 1450-1630 /, 1962.